WWE Royal Rumble Women’s Final Four - Statistics

General Stats
  • This quiz has been taken 111 times
    43 since last reset
  • The average score is 28 of 32
Answer Stats
Hint Answer % Correct
2018 Asuka
100%
Asuka
100%
Brie Bella
100%
Charlotte Flair
100%
2020 Charlotte Flair
100%
Charlotte Flair
100%
Charlotte Flair
100%
2025 Charlotte Flair
100%
Nikki Bella
100%
Nikki Bella
100%
2019 Becky Lynch
97%
2021 Bianca Belair
95%
Bianca Belair
95%
Rhea Ripley
95%
2023 Rhea Ripley
95%
Nia Jax
92%
Nia Jax
92%
Bayley
89%
Bayley
89%
Liv Morgan
89%
Liv Morgan
89%
Roxanne Perez
89%
2022 Ronda Rousey
84%
Sasha Banks
79%
Natalya
74%
Natalya
74%
Jade Cargill
66%
2024 Tiffany Stratton
61%
Shayna Baszler
58%
Shayna Baszler
58%
Nikki Cross
47%
Beth Phoenix
42%
No matching quizzes found
Score Distribution
Percent of People with Each Score
Percentile by Number Answered
Your Score History
You have not taken this quiz since the last reset